000 00982cam a22002653a 4500
001 4100
003 PGUSA
005 20140828083048.0
008 030501s2003||||xxu|||||s|||||000 | eng d
040 _aPGUSA
_beng
042 _adc
050 4 _aBQ
100 1 _aSangharakshita, Bhikshu,
_d1925-
245 1 0 _aΌραμα και Μεταμόρφωση :
_bΜια εισαγωγή στο Ευγενές Οκταπλό Μονοπάτι του Βούδδα
_h[electronic resource] /
_cBhikshu Sangharakshita
260 _bProject Gutenberg,
_c2003
506 _aCopyrighted. Read the copyright notice inside this book for details.
516 _aElectronic text
653 _aSangharakshita, Bhikshu, 1925-
653 _aReligious life -- Buddhism
700 1 _aDoikas, Spiros
740 0 _aVision and Transformation : An Introduction to the Buddha's Noble Eightfold Path
830 0 _aProject Gutenberg
_v4100
856 4 0 _uhttp://www.gutenberg.org/ebooks/4100
942 _cEB
999 _c233429
_d233429